000 00587nam a2200193Ia 4500
003 GCL
008 140319s9999 xx 000 0 ara d
040 _aGCL /
_cGCL
082 0 4 _a811.00914
_bح ح
100 1 _aحياة حدارة المراد
245 1 0 _aالحب والجمال فى شعر خريستو نجم /
_cحياة حدارة المراد
260 _a[S.N] :
_bالمكتبة الثقافية ،
_c1992
300 _a414 ص
490 _a
650 0 4 _aالشعر العربى
650 0 4 _aخريستو نجم
650 0 4 _aتاريخ ونقد
942 _2ddc
_cBK
999 _c53960
_d53960